Earnings des joueurs de la Team Havok - Statistiques

Statistiques générales
  • Ce quiz a été pris 48 fois
  • Le résultat moyen est 7 sur 8
Statistiques - réponses
Earning
( En dollars)
Réponse % Correct
373 665 Pixie
100%
264 085 Wox
100%
295 975 IDrop
94%
310 117 PabloWingu
88%
195 985 Tjino
88%
1 760 Seekk
81%
131 660 Pixx
69%
223 084 Snayzy
69%
Aucun quiz correspondant
Distribution des résultats
% des personnes avec chaque résultat
Percentile par nombre de réponses
Votre historique - résultats
Vous n’avez pas pris ce quiz